| 000 | 01352cam a22003497a 4500 | ||
|---|---|---|---|
| 001 | 2452 | ||
| 003 | FISKH | ||
| 005 | 20240105085624.0 | ||
| 008 | 920928s1990 nyua j 000 0 eng d | ||
| 010 | _a 90161659 | ||
| 020 | _a0689714319 | ||
| 020 | _a9780689714313 | ||
| 035 | _a(OCoLC)24357977 | ||
| 040 |
_aDOV _cDOV _dDLC _beng |
||
| 042 | _alccopycat | ||
| 050 | 0 | 0 | _aPZ8.H11935 |
| 082 | _a783.65 | ||
| 100 | 1 | _aEwing, Carolyn S. | |
| 245 | 1 | 0 |
_aJingle bells : _ba holiday book with lights and music / _cillustrated by Carolyn Ewing ; design by Jon Z. Haber ; paper engineering by Rodger Smith. |
| 260 |
_aNew York : _bAladdin Books, _c1990. |
||
| 300 |
_a10 unnumbered pages : _bcolor illustrations ; _c18 x 21 cm |
||
| 500 | _aAladdin books. | ||
| 500 | _aIncludes pop-up picture, flickering light, and a melody that plays with the pull of a tab in the book. | ||
| 505 | _aC | ||
| 520 | _aCharming illustrations, an actual twinkling star atop a Christmas tree and everyone's favorite sing-along holiday tune are sure to warm the hearts of family and friends this Christmas season. | ||
| 521 | 8 |
_a200
_bLexile |
|
| 521 | 8 |
_aC
_bRaz-Plus |
|
| 650 | 0 |
_aChristmas music _vJuvenile literature. |
|
| 650 | 0 |
_aToy and movable books _vSpecimens. |
|
| 906 |
_a7 _bcbc _ccopycat _d4 _encip _f19 _gy-gencatlg |
||
| 942 |
_2ddc _cBK _n0 |
||
| 999 |
_c2452 _d2452 |
||